000 00287nam a22001217a 4500
008 170601b xxu||||| |||| 00| 0 eng d
041 _aeng
080 _a94
100 _a17
101 _aSHH
245 _aUNIVERSAL NATURAL HISTORY AND THEORY OF THE HEAVENS
_cKANT,I
942 _2udc
_cBK
999 _c15414
_d15414